| 000 | 00511nam a22001697a 4500 | ||
|---|---|---|---|
| 005 | 20240830121844.0 | ||
| 008 | 240830b |||||||| |||| 00| 0 eng d | ||
| 041 | _aEnglish | ||
| 082 | _a340.03 BEL | ||
| 100 | _lEnglish | ||
| 245 |
_aBell's South African Legal Dictionary / _cA. Milne et al. |
||
| 250 | _aThird Edition | ||
| 260 |
_aDurban: _bButterworth and Company Ltd, _c1951 |
||
| 300 |
_b894 pages; _c25 cm. |
||
| 650 |
_aLegal practice _bLaw |
||
| 942 |
_cBK _6ALISON_BN_VRIES |
||
| 999 |
_c2965 _d2965 |
||